000 00597nam a2200205 a 4500
005 20210219153119.0
008 991125n 000 0 eng u
035 _aUPN01000078937
100 _aJongsma, Kathleen Stumpf
222 _aTHE READING TEACHER
245 _aThe eyes of textbooks are upon you (research to practice)
300 _a158-160
362 _a1992 46, no. 2
653 0 _aINVESTIGACION EN LOS LIBROS DE TEXTO
653 0 _aLIBROS DE TEXTO
653 0 _aRELACION TEORIA-PRACTICA
653 0 _aSELECCION DE LIBROS DE TEXTO
904 _aAC
_b016748
905 _aArticulo
999 _c68837
_d68837